Normal view
MARC view
Entry Personal Name
001 - CONTROL NUMBER
- control field: 76700
003 - CONTROL NUMBER IDENTIFIER
- control field: dpl
005 - DATE AND TIME OF LATEST TRANSACTION
- control field: 20250117110807.0
008 - FIXED-LENGTH DATA ELEMENTS
- fixed length control field: 250117|| aca||aabn | a|a d
040 ## - CATALOGING SOURCE
- Original cataloging agency: dpl
- Transcribing agency: dpl
100 ## - HEADING--PERSONAL NAME
- Personal name: Hamilton Elizabeth
670 ## - SOURCE DATA FOUND
- Source citation: Work cat.: (dpl)208567: Hamilton Elizabeth, The Feringhees; Sir Robert and Sir William-Two Europeans in India/, 2016
